[Event "4NCL Division 2d"]
[Site "Barcelo Hotel, Hinckley Island"]
[Date "2012.05.05"]
[Round "9.41"]
[White "Spencer, Carl J"]
[Black "Carleton, John J"]
[Result "1/2-1/2"]
[WhiteElo "2171"]
[BlackElo "2293"]
[PlyCount "86"]
[EventDate "2012.05.05"]
[WhiteTeam "Cambridge University 2"]
[BlackTeam "Spirit of Atticus"]

1. e4 Nf6 2. e5 Nd5 3. d4 d6 4. Nf3 dxe5 5. Nxe5 c6 6. Be2 Bf5 7. O-O Nd7 8.
Nf3 e6 9. c4 N5f6 10. Nc3 Be7 11. h3 h6 12. Re1 O-O 13. Bf4 Ne4 14. Nxe4 Bxe4
15. Bf1 Bg6 16. a3 Re8 17. Rc1 Bf6 18. c5 b6 19. b4 bxc5 20. bxc5 Qa5 21. Bd2
Qc7 22. Qa4 a5 23. Bc3 Reb8 24. Qc4 Rd8 25. g3 Bh5 26. Bg2 Re8 27. Nd2 Be7 28.
Qa4 Rec8 29. Nc4 Bg6 30. Bxa5 Qb7 31. Qb4 Qa6 32. Qc3 e5 33. Bb4 Rd8 34. Rxe5
Nxe5 35. Nxe5 Bf6 36. Nxc6 Rd7 37. Ne5 Bxe5 38. Bxa8 Qxa8 39. dxe5 Rd3 40. Qe1
Qf3 41. Kh2 Be4 42. Qf1 Rb3 43. c6 Bxc6 1/2-1/2

[Event "4NCL Division 2d"]
[Site "Barcelo Hotel, Hinckley Island"]
[Date "2012.05.05"]
[Round "9.42"]
[White "Ivell, Nicholas W"]
[Black "Pickard, Charles"]
[Result "1-0"]
[WhiteElo "2335"]
[BlackElo "2125"]
[PlyCount "69"]
[EventDate "2012.05.05"]
[WhiteTeam "Spirit of Atticus"]
[BlackTeam "Cambridge University 2"]

1. e4 c5 2. Nc3 d6 3. g3 Nc6 4. Bg2 g6 5. d3 Bg7 6. f4 e6 7. Nf3 Nge7 8. O-O
Nd4 9. e5 Nxf3+ 10. Qxf3 d5 11. Nb5 Nf5 12. g4 a6 13. gxf5 axb5 14. f6 Bf8 15.
c4 bxc4 16. dxc4 b6 17. Rd1 Bb7 18. Qb3 Ra5 19. Bd2 Ra6 20. cxd5 exd5 21. Bc3
c4 22. Qc2 Bc5+ 23. Kh1 Qd7 24. e6 Qc8 25. e7 Qd7 26. Be5 b5 27. Qc3 Rg8 28. b4
Bb6 29. Qf3 g5 30. Rxd5 Bxd5 31. Qxd5 gxf4 32. Rd1 Qxd5 33. Bxd5 Bc7 34. Bb7
Rxf6 35. Bxf6 1-0

[Event "4NCL Division 2d"]
[Site "Barcelo Hotel, Hinckley Island"]
[Date "2012.05.05"]
[Round "9.44"]
[White "Jackson, Sheila"]
[Black "Chan, Nevil"]
[Result "1-0"]
[WhiteElo "2162"]
[BlackElo "2117"]
[PlyCount "81"]
[EventDate "2012.05.05"]
[WhiteTeam "Spirit of Atticus"]
[BlackTeam "Cambridge University 2"]

1. e4 Nc6 2. Nf3 d6 3. d4 Bg4 4. Be2 Nf6 5. Nc3 e6 6. O-O Be7 7. Be3 O-O 8. h3
Bh5 9. d5 exd5 10. exd5 Bxf3 11. Bxf3 Ne5 12. Be2 c5 13. f4 Ng6 14. g3 Re8 15.
h4 Bf8 16. Bf2 a6 17. h5 Ne7 18. a4 Nexd5 19. Nxd5 Nxd5 20. Ra3 Nb4 21. Bf3 Qc7
22. c3 Nc6 23. Qd5 Rab8 24. Raa1 Ne7 25. Qd3 b5 26. axb5 axb5 27. Rfe1 b4 28.
c4 Rbd8 29. Ra6 Nc8 30. Rxe8 Rxe8 31. Be4 h6 32. Ra8 Qe7 33. Bc6 Rd8 34. Qf5 g6
35. hxg6 fxg6 36. Qxg6+ Bg7 37. Bd5+ Kh8 38. Be4 Bf8 39. Bf5 Qc7 40. Qf6+ Bg7
41. Qxd8+ 1-0

[Event "4NCL Division 2d"]
[Site "Barcelo Hotel, Hinckley Island"]
[Date "2012.05.05"]
[Round "9.46"]
[White "Connor, Stephen J"]
[Black "Lee, Richard WY"]
[Result "0-1"]
[WhiteElo "2069"]
[BlackElo "2031"]
[PlyCount "56"]
[EventDate "2012.05.05"]
[WhiteTeam "Spirit of Atticus"]
[BlackTeam "Cambridge University 2"]

1. e4 e6 2. d4 d5 3. Nd2 c5 4. Ngf3 cxd4 5. exd5 Qxd5 6. Bc4 Qd6 7. O-O Nf6 8.
Nb3 Nc6 9. Nbxd4 Nxd4 10. Nxd4 a6 11. c3 Qc7 12. Qe2 Bc5 13. Bg5 O-O 14. Rad1
Bd7 15. Bxf6 gxf6 16. Qg4+ Kh8 17. Qh4 Qd8 18. Nf3 Be7 19. Bb3 Rg8 20. Qh5 Rg7
21. Rfe1 Qc7 22. g3 b6 23. Bd5 Re8 24. Be4 f5 25. Bc2 Bf6 26. Nd4 Reg8 27. Ne2
Bc6 28. Nf4 Qxf4 0-1

[Event "4NCL Division 2d"]
[Site "Barcelo Hotel, Hinckley Island"]
[Date "2012.05.05"]
[Round "9.48"]
[White "Robertson, David J"]
[Black "Kourtseva, Julie"]
[Result "1-0"]
[WhiteElo "1918"]
[BlackElo "1792"]
[PlyCount "71"]
[EventDate "2012.05.05"]
[WhiteTeam "Spirit of Atticus"]
[BlackTeam "Cambridge University 2"]

1. e4 e6 2. d4 d5 3. Nd2 dxe4 4. Nxe4 Bd7 5. Nf3 Bc6 6. Bd3 Nd7 7. Qe2 Ngf6 8.
O-O Nxe4 9. Bxe4 Bxe4 10. Qxe4 c6 11. c4 Be7 12. Bd2 O-O 13. Bc3 Bf6 14. Rfe1
Re8 15. Rad1 Qc7 16. h4 Rad8 17. Ng5 Nf8 18. Qg4 c5 19. Ne4 Nd7 20. Nxf6+ Nxf6
21. Qg5 cxd4 22. Bxd4 h6 23. Qc1 Ng4 24. g3 a6 25. b3 e5 26. Bb2 Qc5 27. Qc2
Rxd1 28. Rxd1 e4 29. Rd5 Qc7 30. Qe2 Qc8 31. Kg2 f5 32. c5 e3 33. f3 Nf2 34.
Qc4 Kh8 35. Qd4 Rg8 36. Qxe3 1-0

[Event "4NCL Division 2c"]
[Site "Barcelo Hotel, Hinckley Island"]
[Date "2012.05.06"]
[Round "10.211"]
[White "Slaby, Jerzy"]
[Black "Van Kampen, Robin"]
[Result "1/2-1/2"]
[WhiteElo "2493"]
[BlackElo "2568"]
[PlyCount "65"]
[EventDate "2012.05.06"]
[WhiteTeam "Pandora's Box Grantham"]
[BlackTeam "Sambuca Sharks"]

1. c4 e5 2. g3 c6 3. Bg2 d5 4. cxd5 cxd5 5. d4 e4 6. Nc3 Nc6 7. Nh3 Be7 8. O-O
Nf6 9. Bg5 Nh5 10. e3 Bxh3 11. Bxe7 Nxe7 12. Bxh3 Nf6 13. Qb3 Rb8 14. Rac1 O-O
15. Na4 Nc6 16. Nc5 Na5 17. Qa3 Nc4 18. Qc3 Nd6 19. Qa3 h5 20. Nd7 Nxd7 21.
Qxd6 Nf6 22. Qa3 a6 23. Rc5 Qd6 24. Rfc1 Rfd8 25. Qb3 Nh7 26. Rc7 Ng5 27. Bg2
Rd7 28. Rc8+ Rxc8 29. Rxc8+ Kh7 30. Qd1 g6 31. h4 Ne6 32. Bh3 Rc7 33. Bxe6
1/2-1/2

[Event "4NCL Division 2c"]
[Site "Barcelo Hotel, Hinckley Island"]
[Date "2012.05.06"]
[Round "10.212"]
[White "Rendle, Thomas E"]
[Black "Crouch, Colin S"]
[Result "1-0"]
[WhiteElo "2383"]
[BlackElo "2374"]
[PlyCount "61"]
[EventDate "2012.05.06"]
[WhiteTeam "Sambuca Sharks"]
[BlackTeam "Pandora's Box Grantham"]

1. e4 d5 2. exd5 Qxd5 3. Nc3 Qe5+ 4. Be2 c6 5. Nf3 Qc7 6. d4 Bg4 7. Ne5 Bxe2 8.
Qxe2 Nd7 9. Bf4 Nxe5 10. Bxe5 Qa5 11. O-O-O Nf6 12. Bxf6 gxf6 13. d5 Bh6+ 14.
Kb1 Kf8 15. Rhe1 Qc7 16. Ne4 cxd5 17. Rxd5 e6 18. Rc5 Qe7 19. Qc4 Bf4 20. Rd1
Kg7 21. Ng3 Rhd8 22. Nh5+ Kh8 23. Rxd8+ Rxd8 24. Rc8 Bh6 25. a3 Rg8 26. Rxg8+
Kxg8 27. Qd4 e5 28. Qg4+ Kh8 29. Qc8+ Bf8 30. Nxf6 Kg7 31. Nd7 1-0

[Event "4NCL Division 2c"]
[Site "Barcelo Hotel, Hinckley Island"]
[Date "2012.05.06"]
[Round "10.214"]
[White "Roberson, Peter T"]
[Black "Batchelor, Peter J"]
[Result "1-0"]
[WhiteElo "2283"]
[BlackElo "2006"]
[PlyCount "53"]
[EventDate "2012.05.06"]
[WhiteTeam "Sambuca Sharks"]
[BlackTeam "Pandora's Box Grantham"]

1. e4 c6 2. Nf3 d5 3. Nc3 dxe4 4. Nxe4 Bg4 5. h3 Bxf3 6. Qxf3 Nd7 7. Be2 Ngf6
8. d3 e6 9. O-O Be7 10. Qg3 Nxe4 11. dxe4 Bf6 12. Rd1 Qe7 13. Be3 O-O 14. Rd2
Rfd8 15. Rad1 e5 16. Rd6 Nf8 17. Rxd8 Rxd8 18. Rxd8 Qxd8 19. Bxa7 Qd2 20. Bc4
b5 21. Bb3 Qc1+ 22. Kh2 Qxb2 23. Bc5 Ne6 24. Qg4 Qc3 25. Bb6 Nf8 26. Qc8 Be7
27. Qe8 1-0

[Event "4NCL Division 2c"]
[Site "Barcelo Hotel, Hinckley Island"]
[Date "2012.05.06"]
[Round "10.215"]
[White "Birtwistle, Nigel"]
[Black "Williams, Samuel G"]
[Result "0-1"]
[WhiteElo "2173"]
[BlackElo "2234"]
[PlyCount "42"]
[EventDate "2012.05.06"]
[WhiteTeam "Pandora's Box Grantham"]
[BlackTeam "Sambuca Sharks"]

1. e4 e5 2. d4 exd4 3. Bc4 Nf6 4. Nf3 d5 5. exd5 Bb4+ 6. c3 Qe7+ 7. Be2 dxc3 8.
bxc3 Bc5 9. O-O c6 10. c4 Ne4 11. Bd3 O-O 12. Qc2 Bf5 13. Bb2 cxd5 14. cxd5 Na6
15. a3 Rac8 16. Qe2 Rfe8 17. Nd4 Qg5 18. Qf3 Bg4 19. Qe3 Qxd5 20. Nd2 Nf6 21.
Qf4 Bd6 0-1

[Event "4NCL Division 2c"]
[Site "Barcelo Hotel, Hinckley Island"]
[Date "2012.05.06"]
[Round "10.216"]
[White "Murphy, Hugh W"]
[Black "Ross, Chris N"]
[Result "0-1"]
[WhiteElo "2217"]
[BlackElo "2230"]
[PlyCount "76"]
[EventDate "2012.05.06"]
[WhiteTeam "Sambuca Sharks"]
[BlackTeam "Pandora's Box Grantham"]

1. e4 c5 2. c3 d5 3. exd5 Qxd5 4. d4 e6 5. Nf3 Nf6 6. Na3 cxd4 7. Nb5 Na6 8.
cxd4 Be7 9. Bd3 O-O 10. O-O Bd7 11. Nc3 Qd6 12. Bg5 Nb4 13. Bb1 Rfd8 14. a3
Nbd5 15. Qd3 g6 16. Re1 Be8 17. Ne5 Rac8 18. Ne2 Nh5 19. Bxe7 Qxe7 20. Qf3 Bc6
21. g4 Nhf6 22. Qg3 Nd7 23. Nf3 N5f6 24. Nf4 Nb6 25. Ba2 Ne4 26. Qh3 Ng5 27.
Nxg5 Qxg5 28. Nxe6 fxe6 29. Re5 Qf4 30. Rxe6 Bd5 31. Bxd5 Nxd5 32. Rae1 Rc1 33.
Qb3 Qxg4+ 34. Kf1 Qxe6 35. Rxc1 Nf4 36. Qxb7 Qh3+ 37. Ke1 Re8+ 38. Kd2 Qd3# 0-1

[Event "4NCL Division 2c"]
[Site "Barcelo Hotel, Hinckley Island"]
[Date "2012.05.06"]
[Round "10.217"]
[White "Burrows, Martin P"]
[Black "Cairns, Stephen"]
[Result "1-0"]
[WhiteElo "2152"]
[BlackElo "2098"]
[PlyCount "79"]
[EventDate "2012.05.06"]
[WhiteTeam "Pandora's Box Grantham"]
[BlackTeam "Sambuca Sharks"]

1. e4 c5 2. Nf3 Nc6 3. d4 cxd4 4. Nxd4 e5 5. Nb5 a6 6. Nd6+ Bxd6 7. Qxd6 Qf6 8.
Qxf6 Nxf6 9. Nc3 Nb4 10. Bd3 h6 11. Be3 Nxd3+ 12. cxd3 d6 13. h3 Be6 14. d4 Rc8
15. O-O g5 16. a4 Rc4 17. Rfd1 O-O 18. g4 Kg7 19. f3 Ng8 20. a5 Ne7 21. Kf2
Rfc8 22. Rd2 Rb4 23. Ra4 Rcc4 24. Rxb4 Rxb4 25. dxe5 dxe5 26. Bc5 Nc6 27. Bxb4
Nxb4 28. Rd1 Nc6 29. Ra1 Bc4 30. Nd5 Bb3 31. Ne3 Be6 32. Nf5+ Bxf5 33. exf5 f6
34. Ke3 Kf7 35. Ke4 Ke7 36. Kd5 Kd7 37. Ra4 Nd4 38. Rb4 Kc7 39. Rb6 Nc6 40.
Rxc6+ 1-0

[Event "4NCL Division 2c"]
[Site "Barcelo Hotel, Hinckley Island"]
[Date "2012.05.06"]
[Round "10.218"]
[White "Russell, Christopher"]
[Black "Maroroa, Sue"]
[Result "1/2-1/2"]
[WhiteElo "2087"]
[BlackElo "2026"]
[PlyCount "72"]
[EventDate "2012.05.06"]
[WhiteTeam "Sambuca Sharks"]
[BlackTeam "Pandora's Box Grantham"]

1. e4 e5 2. Nc3 Nf6 3. g3 d5 4. exd5 Nxd5 5. Bg2 Nxc3 6. bxc3 Nc6 7. Nf3 Bc5 8.
O-O O-O 9. d3 Bg4 10. h3 Bh5 11. Qd2 h6 12. Rb1 Bb6 13. c4 Qd6 14. Kh2 Rad8 15.
Bb2 Rfe8 16. Nh4 Ba5 17. Bc3 Bb6 18. Rb5 a6 19. Rd5 Qe6 20. Rxd8 Rxd8 21. Bd5
Qf6 22. Bxc6 Qxc6 23. Bxe5 Re8 24. Qc3 f6 25. Bd4 Bc5 26. Bxc5 Qxc5 27. d4 Qe7
28. Ng2 Qe2 29. Qd3 Qxd3 30. cxd3 Be2 31. Re1 g5 32. f4 b6 33. Kg1 Kf7 34. Kf2
Bxd3 35. Rxe8 Kxe8 36. Ne3 Kf7 1/2-1/2

[Event "4NCL Division 2c"]
[Site "Barcelo Hotel, Hinckley Island"]
[Date "2012.05.06"]
[Round "10.221"]
[White "Croad, Nicolas"]
[Black "Dishman, Stephen"]
[Result "1/2-1/2"]
[WhiteElo "2334"]
[BlackElo "2333"]
[PlyCount "60"]
[EventDate "2012.05.06"]
[WhiteTeam "White Rose 2"]
[BlackTeam "AMCA Dragons"]

1. d4 Nf6 2. c4 e6 3. Nf3 d5 4. Nc3 Nbd7 5. Bg5 c6 6. cxd5 exd5 7. e3 Be7 8.
Bd3 O-O 9. Qc2 Re8 10. O-O Nf8 11. Rab1 a5 12. a3 Bd6 13. Rbe1 Ng6 14. e4 dxe4
15. Nxe4 Be7 16. Bxf6 Bxf6 17. Nxf6+ gxf6 18. Rxe8+ Qxe8 19. Re1 Qd8 20. h3 Be6
21. Bxg6 hxg6 22. Rxe6 fxe6 23. Qxg6+ Kf8 24. Qh7 b5 25. Nd2 Qxd4 26. Qh8+ Ke7
27. Qxa8 Qxd2 28. Qxc6 Qxb2 29. Qc7+ Ke8 30. Qxa5 Qc1+ 1/2-1/2

[Event "4NCL Division 2c"]
[Site "Barcelo Hotel, Hinckley Island"]
[Date "2012.05.06"]
[Round "10.222"]
[White "Cooksey, Paul S"]
[Black "Shaw, Peter"]
[Result "1-0"]
[WhiteElo "2273"]
[BlackElo "2180"]
[PlyCount "89"]
[EventDate "2012.05.06"]
[WhiteTeam "AMCA Dragons"]
[BlackTeam "White Rose 2"]

1. d4 d6 2. Nf3 Bg4 3. c4 Bxf3 4. gxf3 c6 5. f4 g6 6. Nc3 Bg7 7. Bg2 Nf6 8. e3
O-O 9. Qc2 e6 10. b3 d5 11. O-O Qd7 12. Rd1 Na6 13. Bb2 Rfd8 14. Qe2 Nc7 15.
Ba3 Nce8 16. Na4 Nd6 17. Rac1 Rac8 18. Rc2 Bf8 19. Bc5 b6 20. Bxb6 axb6 21.
Nxb6 Qb7 22. Nxc8 Rxc8 23. c5 Nf5 24. Rb1 Ra8 25. b4 Ne8 26. b5 Nc7 27. b6 Na6
28. Rb3 Nb8 29. Rcc3 Ne7 30. Ra3 Nc8 31. Rxa8 Qxa8 32. Qb2 Qb7 33. Bf1 h6 34.
Qe2 Qe7 35. a4 g5 36. a5 Bg7 37. a6 gxf4 38. Qg4 fxe3 39. fxe3 Kh8 40. Ra3 f5
41. Qg3 f4 42. Qxf4 e5 43. Qf5 Nxb6 44. a7 N8d7 45. Rb3 1-0

[Event "4NCL Division 2c"]
[Site "Barcelo Hotel, Hinckley Island"]
[Date "2012.05.06"]
[Round "10.223"]
[White "Arnott, Jonathan W"]
[Black "Holland, James P"]
[Result "1/2-1/2"]
[WhiteElo "2191"]
[BlackElo "2199"]
[PlyCount "68"]
[EventDate "2012.05.06"]
[WhiteTeam "White Rose 2"]
[BlackTeam "AMCA Dragons"]

1. e4 e5 2. Nf3 Nc6 3. Bb5 a6 4. Bxc6 dxc6 5. O-O Ne7 6. d4 Bg4 7. dxe5 Qxd1 8.
Rxd1 Ng6 9. h3 Bxf3 10. gxf3 Nxe5 11. f4 Nd7 12. Be3 O-O-O 13. Nc3 Bb4 14. Ne2
Rhe8 15. Ng3 Nf6 16. c3 Bf8 17. Rxd8+ Kxd8 18. Rd1+ Kc8 19. f3 Nd5 20. Bc1 Bc5+
21. Kh2 Nf6 22. Nf5 Nh5 23. Ng3 Nxg3 24. Kxg3 g6 25. b4 Bd6 26. e5 Bf8 27. Be3
b6 28. Rd3 Re7 29. Kg4 Bg7 30. Bd4 Rd7 31. Re3 h5+ 32. Kh4 Kd8 33. f5 Rd5 34.
fxg6 fxg6 1/2-1/2

[Event "4NCL Division 2c"]
[Site "Barcelo Hotel, Hinckley Island"]
[Date "2012.05.06"]
[Round "10.224"]
[White "Hansen, Hans-Peter"]
[Black "Burnett, Jim"]
[Result "1/2-1/2"]
[WhiteElo "2215"]
[BlackElo "2136"]
[PlyCount "61"]
[EventDate "2012.05.06"]
[WhiteTeam "AMCA Dragons"]
[BlackTeam "White Rose 2"]

1. c4 e6 2. Nf3 d5 3. g3 Nf6 4. Bg2 Be7 5. O-O O-O 6. d4 c6 7. Qc2 Nbd7 8. Nbd2
b6 9. e4 dxe4 10. Nxe4 Bb7 11. Rd1 Nxe4 12. Qxe4 Qc7 13. Bf4 Bd6 14. Bxd6 Qxd6
15. c5 Qe7 16. Rac1 Rfd8 17. b4 bxc5 18. bxc5 Nf6 19. Qe2 Nd5 20. Qd2 Qc7 21.
Bf1 a5 22. Ne5 Ba6 23. Bxa6 Rxa6 24. Rb1 Raa8 25. Rb2 Rdb8 26. Rdb1 Rxb2 27.
Qxb2 f6 28. Nc4 a4 29. a3 h6 30. Qe2 e5 31. Nb6 1/2-1/2

[Event "4NCL Division 2c"]
[Site "Barcelo Hotel, Hinckley Island"]
[Date "2012.05.06"]
[Round "10.225"]
[White "Gayson, Peter M"]
[Black "Webb, Richard M"]
[Result "1/2-1/2"]
[WhiteElo "2204"]
[BlackElo "2265"]
[PlyCount "26"]
[EventDate "2012.05.06"]
[WhiteTeam "White Rose 2"]
[BlackTeam "AMCA Dragons"]

1. e4 c5 2. Nf3 d6 3. d4 cxd4 4. Nxd4 Nf6 5. Nc3 g6 6. f4 Nc6 7. Be2 Bg7 8. Be3
O-O 9. O-O Qb6 10. Qd3 Ng4 11. Nd5 Bxd4 12. Bxg4 Bxe3+ 13. Qxe3 Qxe3+ 1/2-1/2

[Event "4NCL Division 2c"]
[Site "Barcelo Hotel, Hinckley Island"]
[Date "2012.05.06"]
[Round "10.226"]
[White "Coates, Kenneth G"]
[Black "O'Driscoll, Kieran"]
[Result "1/2-1/2"]
[WhiteElo "2194"]
[BlackElo "2104"]
[PlyCount "69"]
[EventDate "2012.05.06"]
[WhiteTeam "AMCA Dragons"]
[BlackTeam "White Rose 2"]

1. d4 d5 2. Bg5 c6 3. a3 Bf5 4. Nf3 Nd7 5. e3 h6 6. Bh4 Ngf6 7. c4 e6 8. Nc3
Be7 9. Be2 O-O 10. O-O Ne4 11. Bxe7 Qxe7 12. Nxe4 Bxe4 13. Rc1 Rfe8 14. Nd2 Bg6
15. cxd5 exd5 16. b4 a6 17. Qb3 Nf6 18. Bf3 Ne4 19. Nxe4 Bxe4 20. Bxe4 Qxe4 21.
Qc2 Qxc2 22. Rxc2 Re6 23. Rfc1 Kf8 24. Kf1 Ke7 25. Ke2 Kd7 26. a4 f5 27. g3 g5
28. b5 axb5 29. axb5 f4 30. bxc6+ bxc6 31. Rc3 fxe3 32. fxe3 Ra2+ 33. R1c2 Ra1
34. Rc1 Ra2+ 35. R1c2 1/2-1/2

[Event "4NCL Division 2c"]
[Site "Barcelo Hotel, Hinckley Island"]
[Date "2012.05.06"]
[Round "10.227"]
[White "Weller, Pierre"]
[Black "Frostick, Clive A"]
[Result "1/2-1/2"]
[WhiteElo "1987"]
[BlackElo "2175"]
[PlyCount "49"]
[EventDate "2012.05.06"]
[WhiteTeam "White Rose 2"]
[BlackTeam "AMCA Dragons"]

1. d4 d5 2. c4 e6 3. Nc3 Nf6 4. cxd5 exd5 5. Bg5 Be7 6. e3 c6 7. Bd3 Nbd7 8.
Qc2 Nh5 9. Bxe7 Qxe7 10. Nge2 g6 11. O-O O-O 12. e4 dxe4 13. Bxe4 Ndf6 14. Bd3
Ng7 15. Rfe1 Qd6 16. Rad1 Re8 17. Rd2 Bf5 18. Red1 Bxd3 19. Qxd3 Nf5 20. Qf3
Qe6 21. g3 Ne7 22. Nf4 Qf5 23. Qd3 Qxd3 24. Rxd3 Rad8 25. d5 1/2-1/2

[Event "4NCL Division 2c"]
[Site "Barcelo Hotel, Hinckley Island"]
[Date "2012.05.06"]
[Round "10.228"]
[White "Tavares, Shawn P"]
[Black "Lewyk, Ihor"]
[Result "1-0"]
[WhiteElo "2184"]
[BlackElo "2091"]
[PlyCount "125"]
[EventDate "2012.05.06"]
[WhiteTeam "AMCA Dragons"]
[BlackTeam "White Rose 2"]

1. d4 Nf6 2. Nf3 g6 3. c4 c5 4. d5 b5 5. cxb5 a6 6. b6 Qxb6 7. Nc3 Bg7 8. e4 d6
9. h3 O-O 10. Be2 Nbd7 11. O-O Ne8 12. Nd2 Nc7 13. Nc4 Qa7 14. Bg5 f6 15. Be3
a5 16. f4 Ba6 17. Qd2 Bxc4 18. Bxc4 Rab8 19. Rab1 Rb4 20. b3 Nb6 21. Bd3 Nd7
22. a3 Rb7 23. Qc2 Qb8 24. Bc4 Kh8 25. Bd2 Qa7 26. Be3 Qb8 27. Bd3 Kg8 28. Kh1
Kh8 29. Bg1 Qc8 30. Bh2 Qd8 31. Qe2 Qb8 32. Bc4 Qd8 33. Nb5 Na8 34. Rbe1 Nab6
35. Bd3 Qe8 36. a4 Rb8 37. Qd2 c4 38. Bxc4 Nxc4 39. bxc4 Qd8 40. Na7 Qc7 41.
Nc6 Ra8 42. Qc2 Nc5 43. Bg1 Nb7 44. Rb1 Ra6 45. Qb3 Rxc6 46. dxc6 Nd8 47. Qb6
Qxc6 48. Qxc6 Nxc6 49. Rb7 Rc8 50. Bb6 f5 51. exf5 gxf5 52. Rc7 Rxc7 53. Bxc7
Bc3 54. Rf3 Be1 55. Rb3 Kg7 56. Kg1 Kf6 57. Kf1 Bb4 58. Bb6 Bd2 59. g3 h5 60.
c5 Bb4 61. cxd6 exd6 62. Re3 d5 63. Re8 1-0

[Event "4NCL Division 2c"]
[Site "Barcelo Hotel, Hinckley Island"]
[Date "2012.05.06"]
[Round "10.231"]
[White "Swanson, Stephen"]
[Black "Clarke, Brandon GI"]
[Result "1/2-1/2"]
[WhiteElo "2277"]
[BlackElo "2138"]
[PlyCount "64"]
[EventDate "2012.05.06"]
[WhiteTeam "Poisoned Pawns"]
[BlackTeam "Warwickshire Select 1"]

1. e4 e6 2. d3 d5 3. Qe2 Be7 4. Nf3 Nf6 5. g3 c5 6. Bg2 Nc6 7. O-O b5 8. Re1 a5
9. Bg5 O-O 10. Nbd2 Ba6 11. e5 Nd7 12. h4 Rc8 13. Nf1 Nd4 14. Nxd4 cxd4 15. f4
Nc5 16. Nh2 b4 17. Qh5 Na4 18. b3 Nb2 19. Re2 Rc3 20. Nf3 Bxg5 21. hxg5 Qc7 22.
Ne1 Rc8 23. Bf1 Bxd3 24. cxd3 Nxd3 25. Rh2 Nxe1 26. Qxh7+ Kf8 27. Qh8+ Ke7 28.
Qxg7 Nf3+ 29. Kh1 Nxh2 30. Qf6+ Kf8 31. Qh8+ Ke7 32. Qf6+ Kf8 1/2-1/2

[Event "4NCL Division 2c"]
[Site "Barcelo Hotel, Hinckley Island"]
[Date "2012.05.06"]
[Round "10.232"]
[White "Weaving, Richard"]
[Black "Rosen, Daniel B"]
[Result "1-0"]
[WhiteElo "2116"]
[BlackElo "2125"]
[PlyCount "93"]
[EventDate "2012.05.06"]
[WhiteTeam "Warwickshire Select 1"]
[BlackTeam "Poisoned Pawns"]

1. e4 g6 2. d4 Bg7 3. Nc3 d6 4. f4 Nf6 5. Nf3 c5 6. Bb5+ Bd7 7. Bxd7+ Qxd7 8.
d5 O-O 9. O-O Na6 10. f5 Nc7 11. Qe1 gxf5 12. Nh4 e6 13. dxe6 fxe6 14. exf5
Rae8 15. Qg3 Kh8 16. Bg5 Ncd5 17. fxe6 Rxe6 18. Nxd5 Nxd5 19. Rxf8+ Bxf8 20.
Qf3 Qg7 21. Qxd5 Re5 22. Qf3 Rxg5 23. Rf1 Qd4+ 24. Kh1 Rg8 25. Qxf8 Qxh4 26.
Qxd6 Qe4 27. Qf6+ Rg7 28. Qf8+ Rg8 29. Qf6+ Rg7 30. Qd8+ Rg8 31. Qd2 Re8 32.
Qh6 Rg8 33. Qd2 Re8 34. h3 Qc4 35. Rf4 Re1+ 36. Kh2 Qe6 37. Qd8+ Kg7 38. Qf8+
Kg6 39. Rg4+ Kh5 40. Rg3 Qe5 41. Qg8 Kh6 42. Qf8+ Kh5 43. Qg7 Qf5 44. Rg5+ Qxg5
45. g4+ Kh4 46. Qxh7+ Qh5 47. Qxh5# 1-0

[Event "4NCL Division 2c"]
[Site "Barcelo Hotel, Hinckley Island"]
[Date "2012.05.06"]
[Round "10.233"]
[White "Byway, Paul V"]
[Black "Thomas, Nicholas"]
[Result "0-1"]
[WhiteElo "2160"]
[BlackElo "2268"]
[PlyCount "98"]
[EventDate "2012.05.06"]
[WhiteTeam "Poisoned Pawns"]
[BlackTeam "Warwickshire Select 1"]

1. Nf3 f5 2. c4 Nf6 3. g3 d6 4. d4 e6 5. Bg2 Be7 6. O-O O-O 7. Nc3 Ne4 8. Qc2
Nxc3 9. Qxc3 a5 10. a3 Nc6 11. d5 Bf6 12. Qc2 Ne7 13. dxe6 Bxe6 14. Bg5 Nc6 15.
Bxf6 Qxf6 16. e3 a4 17. Nd4 Nxd4 18. exd4 Qxd4 19. Bxb7 Rab8 20. Bd5 Bxd5 21.
cxd5 Rxb2 22. Rad1 Rxc2 23. Rxd4 Ra8 24. Rb1 Rc3 25. Ra1 Ra5 26. Kg2 Kf7 27.
Ra2 g5 28. Rb4 Kf6 29. Re2 Rxd5 30. Rxa4 Re5 31. Rb2 g4 32. Ra8 Re1 33. Rf8+
Kg6 34. Rg8+ Kf7 35. Rbb8 Re7 36. Rgf8+ Kg6 37. a4 Ra3 38. Ra8 Ra1 39. Rg8+ Kf7
40. Rgf8+ Ke6 41. Rfe8 c5 42. Rxe7+ Kxe7 43. a5 Ke6 44. a6 c4 45. a7 Kd5 46.
Rf8 Rxa7 47. Rxf5+ Kd4 48. Rf4+ Kd3 49. Rxg4 c3 0-1

[Event "4NCL Division 2c"]
[Site "Barcelo Hotel, Hinckley Island"]
[Date "2012.05.06"]
[Round "10.234"]
[White "Mason, Donald J"]
[Black "Goodger, Martyn"]
[Result "1-0"]
[WhiteElo "2227"]
[BlackElo "2098"]
[PlyCount "93"]
[EventDate "2012.05.06"]
[WhiteTeam "Warwickshire Select 1"]
[BlackTeam "Poisoned Pawns"]

1. d4 f5 2. Nc3 Nf6 3. Bg5 d5 4. Bxf6 exf6 5. e3 Be6 6. Bd3 Nc6 7. a3 Qd7 8.
Nge2 g6 9. Na4 b6 10. b3 Na5 11. Nb2 Be7 12. c4 dxc4 13. Nxc4 Nxc4 14. bxc4 Bf7
15. O-O O-O 16. Qc2 Rfd8 17. Rfb1 Kg7 18. Nf4 Bd6 19. g3 Bxf4 20. gxf4 Qe7 21.
Be2 Be8 22. Bf3 Rab8 23. Qb3 Bd7 24. Rd1 Qe8 25. Rac1 Bc6 26. d5 Ba4 27. Rd4 c5
28. Rd2 Rd6 29. Re1 Rb7 30. e4 fxe4 31. Rxe4 Re7 32. Rde2 Rxe4 33. Rxe4 Qf7 34.
Qe3 Kf8 35. f5 gxf5 36. Qh6+ Qg7+ 37. Qxg7+ Kxg7 38. Re7+ Kg6 39. Rxa7 Bb3 40.
Be2 b5 41. cxb5 c4 42. Rc7 Rxd5 43. b6 Rb5 44. b7 Rb6 45. Bf3 Kg5 46. Rc8 Kf4
47. Kg2 1-0

[Event "4NCL Division 2c"]
[Site "Barcelo Hotel, Hinckley Island"]
[Date "2012.05.06"]
[Round "10.235"]
[White "McEwan, Ken B"]
[Black "Pitcher, John"]
[Result "1/2-1/2"]
[WhiteElo "2109"]
[BlackElo "2205"]
[PlyCount "49"]
[EventDate "2012.05.06"]
[WhiteTeam "Poisoned Pawns"]
[BlackTeam "Warwickshire Select 1"]

1. d4 d5 2. Nf3 Nf6 3. Bg5 Nbd7 4. e3 c6 5. c3 g6 6. Nbd2 Bg7 7. Bd3 O-O 8. O-O
c5 9. Rc1 Re8 10. Re1 Qb6 11. Qb3 Qxb3 12. axb3 h6 13. Bf4 g5 14. Bc7 cxd4 15.
exd4 Nb8 16. Ra1 Be6 17. b4 Nbd7 18. Bg3 a6 19. Nf1 Nh5 20. Ne3 Nxg3 21. hxg3
Nb6 22. Nd2 Bd7 23. f4 e6 24. Kf2 f5 25. Bc2 1/2-1/2

[Event "4NCL Division 2c"]
[Site "Barcelo Hotel, Hinckley Island"]
[Date "2012.05.06"]
[Round "10.236"]
[White "Stepanyan, Henrik"]
[Black "McMahon, Paul"]
[Result "1-0"]
[WhiteElo "1942"]
[BlackElo "2029"]
[PlyCount "80"]
[EventDate "2012.05.06"]
[WhiteTeam "Warwickshire Select 1"]
[BlackTeam "Poisoned Pawns"]

1. c4 Nf6 2. Nc3 d5 3. d4 g6 4. Bg5 Ne4 5. Bf4 Nxc3 6. bxc3 c6 7. e3 Bg7 8. Nf3
Bf5 9. Qb3 Qa5 10. cxd5 O-O 11. d6 exd6 12. Bxd6 Re8 13. Bc4 Be6 14. O-O b5 15.
Bxe6 Rxe6 16. Ng5 Rf6 17. Be7 Qc7 18. Bxf6 Bxf6 19. Ne4 Bg7 20. Nc5 Nd7 21.
Nxd7 Qxd7 22. c4 a5 23. cxb5 cxb5 24. Rac1 Bf8 25. Rc2 Bd6 26. e4 a4 27. Qd5
Rd8 28. Rc6 Qe7 29. e5 Bc7 30. Qc5 Qxc5 31. dxc5 Bxe5 32. Rb6 Rd2 33. Rxb5 Rxa2
34. c6 Re2 35. Rc1 Bf4 36. Kf1 Re7 37. Rb7 Re8 38. c7 Rc8 39. Rb8 Rxb8 40.
c8=R+ Kg7 1-0